Spell the Marvel Character #413 - Statistics

General Stats
  • This quiz has been taken 12 times
  • The average score is 4 of 5
Answer Stats
Picture Answer % Correct
Old Man Logan
100%
Elsa Bloodstone
82%
Rom the Spaceknight
82%
Zero
82%
Zuras
55%
No matching quizzes found
Score Distribution
Percent of People with Each Score
Percentile by Number Answered
Your Score History
You have not taken this quiz